Statistics for Countries by Wikipedia Descriptions #4

Click here to take the quiz!

General Stats

  • This quiz has been taken 47,689 times
  • The average score is 15 of 20

Answer Stats

HintAnswer% Correct
The only Portuguese-speaking nation in the AmericasBrazil
94%
The world's oldest tennis tournament, the Wimbledon championships, first occurred in 1877United Kingdom
93%
The most populous democracy in the worldIndia
91%
Is connected to Denmark by a bridge-tunnel across the ÖresundSweden
91%
It is sandwiched between China to the south and Russia to the northMongolia
90%
Officially the Republic of ChinaTaiwan
90%
One of only two landlocked countries in South America (the other is Bolivia)Paraguay
86%
The three medieval principalities of Wallachia, Moldavia, and TransylvaniaRomania
83%
Has remained a close partner with the Czech RepublicSlovakia
80%
In 2016, it overtook South Africa and became Africa's second largest economy (after Nigeria)Egypt
79%
The only landlocked country in Southeast AsiaLaos
77%
Most of the country is dominated by the fertile Ganges-Brahmaputra deltaBangladesh
74%
Has 17,504 islands scattered over both sides of the equator, with about
6,000 of them inhabited
Indonesia
72%
During Tết, many people from the major cities will return to their villages for
family reunions and praying for dead ancestors
Vietnam
72%
It is sometimes anachronistically referred to by its former name of ZaireD.R. Congo
69%
Most of the areas below sea level, known as polders, are the result of land reclamationNetherlands
69%
The Petronas Towers are the tallest twin-towers in the worldMalaysia
64%
In about 1000 AD, the Norse built a small encampment that only lasted
a few years at L'Anse aux Meadows
Canada
59%
This represented a state of hyperinflation, and the central bank introduced
a new 100 trillion dollar note
Zimbabwe
58%
On 15 July 2016, an unsuccessful coup attempt tried to oust the governmentTurkey
41%

Score Distribution

Percentile by Number Answered

Percent of People with Each Score

Your Score History

You have not taken this quiz